00419nam a2200157Ia 450000500170000000800410001702000180005803700130007604000200008904100130010908400230012210000130014524500510015826000430020930000090025220250326141426.0250326s9999 xx 000 0 und d a81-7188-093-2 aTextbook aFMSLbengcFMSL aeng2eng aX:89ZB.44 N2qFMSL aKapila U 0aRecent development in Indian economycKapila U aDelhibDelhi, Academic Foudationc1992 a352p